Fußball: Alle deutschen Nationalspieler von Werder Bremen ab 2000 - Statistiken

Allgemein
  • Dieses Quiz wurde 324 mal gespielt
  • Das Durchschnittsergebnis liegt bei 12 aus 19
Antwortstatistiken
Debüt Anzahl
Länderspiele
insgesamt
Spieler % Korrekt
2022 15 Niclas Füllkrug
93%
2001 79 Torsten Frings
89%
2023 2 Marvin Ducksch
88%
2009 92 Mesut Özil
85%
2001* 137 Miroslav Klose
84%
2004* 104 Per Mertesacker
81%
2008 6 Tim Wiese
79%
2002 33 Tim Borowski
73%
2006 22 Clemens Fritz
68%
1999 28 Frank Baumann
60%
2008* 16 Marko Marin
60%
2016 45 Serge Gnabry
54%
1995 40 Marco Bode
53%
2002 24 Fabian Ernst
40%
2009 3 Aaron Hunt
39%
2002 4 Frank Rost
36%
2004 4 Christian Schulz
27%
2004 2 Frank Fahrenhorst
26%
2004* 11 Patrick Owomoyela
24%
Keine übereinstimmenden Quizze gefunden
Verteilung der Resultate
Anzahl Personen mit jedem Resultat
Perzentil nach korrekt beantworteten Fragen
Ihre Resultats-Entwicklung
Sie haben dieses Quiz noch nicht gespielt